| 000 | 00357nam a2200121Ia 4500 | ||
|---|---|---|---|
| 008 | 230907s9999||||xx |||||||||||||| ||und|| | ||
| 082 |
_a658.3124 _bHAW |
||
| 100 |
_aHawkins, Peter, _9115600 |
||
| 245 | 0 | _aCoaching, mentoring and organizational consultancy : | |
| 260 |
_aOpen University Press, _bMaidenhead : _c2013 |
||
| 300 | _axvi, 347 p. : | ||
| 942 | _cBK | ||
| 999 |
_c598921 _d598921 |
||